00292 2200121 4500001002100000008004100021035002000062245002300082082000800105990001900113990001900132990001900151INLIS000000000000558 Ind  a0010-0124000456 aCINDER ANA ON DUTY a813 a045389/CA/2021 a045390/CA/2021 a045391/CA/2021